000 00596nam a22001817a 4500
005 20260227095400.0
008 260227b |||||||| |||| 00| 0 eng d
020 _a9781394254972 (pbk)
040 _cPK-LaUMT
082 _a658.4038
_bLEW-A
100 _aLewrick, Michael
_99557
245 _aAI and innovation :
_bhow to transform your business and outpace the competition with generative AI /
_cby Michael Lewrick and Omar Hatamleh
260 _aHoboken :
_bJohn Wiley,
_c2025
300 _a269 p.
650 _aGenerative AI-management
_99558
650 _aStrategic planning
942 _cBK
999 _c139929
_d139929